000 nam a22 a 4500
999 _c121618
_d121618
003 BLK
005 20221123123511.0
008 180409b bul|||||r ||||||| ||bul||
010 _aKNG00127243000
040 _aBLK
041 _aBUL
_cBUL
080 _aБългарска литература
_b821.163.2
_x-1
_z821.163.2-1
139 _aАнтология на българската любовна лирика
_bА 75
245 1 0 _aАнтология на българската любовна лирика
_cсъстав. Божидар Божилов и др.
250 _a2. изд.
257 _aBGR
260 _bНар. младеж
_c1978
_aСофия
300 _a447 с.
_bс ил.
_c22 см
380 _aX
500 _aДруги състав. : Д. Овадия, Д. Стефанов, Й. Милев. - 1. изд. 1976. - 40 141 тир. ; 10 141 екз. от тир. подв.
700 1 _aБожилов, Божидар
_eсъстав.
_9368394
700 1 _aОвадия, Давидия
_e*
_9317176
700 1 _aСтефанов, Димитър
_e*
_gБъчваров, Димитър Стефанов
_9363780
700 1 _aМилев, Йордан
_e*
_9363560
852 _aЦб 96066
_bЦб
942 _cKNG
_n0
_s1
944 _aCR
_c10.02.2012
_l10.02.2012 - от С1,Р / 10.02.2012
_kИвелин_Милков
944 _aED
_c15.03.2018
_l10.02.2012 - от С1,Р / 10.02.2012
_kСимона_Петрова